Open Data Biblioteca Nacional de Portugal


República Portuguesa: Ministério da Cultura
Biblioteca Nacional de Portugal

Catálogo da BNP: acesso por Identificadores Unívocos
Registos Bibliográficos associados ao registo de autoridade

Etiqueta de registo: 00000nam 2200025 450
001 2285905
003 http://id.bnportugal.gov.pt/bib/catbnp/2285905
010 ## $a978-972-565-728-7
021 ## $aPT$b564007/26
100 ## $a20260507d2026 m a0pory01030103ba
101 0# $apor
102 ## $aPT
105 ## $aa b 000yy
106 ## $ar
200 1# $aOnde terá segura a curta vida? Camões e a vida como viagem$fed. Anísio Franco, Filipa Oliveira, Paulo Pires do Vale$gtextos Delfim Sardo... [et al.]$gfot. Arlindo Homem, Nicolas Lafon
210 #9 $aLisboa$cBiblioteca Nacional de Portugal,$d2026
215 ## $a122, [2] p.$cil.$d24 cm
225 2# $aCatálogos
675 ## $a7.038.5(083.82)$vBN$zpor$31168477
675 ## $a929Camões, Luís de(042)$vBN$zpor$3481758
701 #1 $aSardo,$bDelfim,$f1962-$4070$364388
702 #1 $aFranco,$bAnísio,$f1964-$4340$353512
702 #1 $aOliveira,$bFilipa$4340$31281161
702 #1 $aVale,$bPaulo Pires do,$f1973-$4340$31182939
702 #1 $aHomem,$bArlindo$4600$31197830
702 #1 $aLafon,$bNicolas$4600$31997842
702 #1 $aCamões,$bLuís de,$f1524-1580$4070$310642
801 #0 $aPT$bBN$gRPC
966 ## $lBN$mFGMON$pBNP$s82P CAM BNP$x3
971 ## $corlando$d20260507
972 ## $e0$z0$d20260507$vlrevez
973 ## $cigoulao$d20260507
974 ## $e0$d20260507$vaalmeid

OpendataBNP@bnportugal.pt | Mais informação sobre acesso aos dados BNP